|
|
|
|
| LEADER |
02013nam a2200517 a 4500 |
| 001 |
nkc20112257842 |
| 003 |
CZ PrNK |
| 005 |
20240403171952.0 |
| 007 |
ta |
| 008 |
120305s2012 xr achgf 001 0dcze |
| 015 |
|
|
|a cnb002257842
|
| 020 |
|
|
|a 978-80-905073-0-2
|q (váz.)
|
| 035 |
|
|
|a (OCoLC)791309403
|
| 040 |
|
|
|a ABA001
|b cze
|
| 043 |
|
|
|a e-xr---
|b e-xr-us
|2 czenas
|
| 045 |
|
|
|a q-y1
|
| 072 |
|
7 |
|a 78.01
|x Muzikologie. Dějiny hudby
|2 Konspekt
|9 9
|
| 080 |
|
|
|a 78
|2 MRF
|
| 080 |
|
|
|a 78.071.1/.2
|2 MRF
|
| 080 |
|
|
|a 78-027.22
|2 MRF
|
| 080 |
|
|
|a (437.315)
|2 MRF
|
| 080 |
|
|
|a (048.8)
|2 MRF
|
| 100 |
1 |
|
|a Heinz, Igor,
|d 1945-2015
|7 jk01040524
|4 aut
|
| 245 |
1 |
0 |
|a Z hudební minulosti Šluknovska :
|b od středověku po Missu solemnis 1830 /
|c Igor Heinz
|
| 250 |
|
|
|a Vyd. 1.
|
| 260 |
|
|
|a Varnsdorf :
|b Kruh přátel muzea Varnsdorf,
|c 2012
|
| 300 |
|
|
|a 254 s. :
|b il. (některé barev.), portréty, noty, faksim. ;
|c 27 cm
|
| 500 |
|
|
|a 1000 výt.
|
| 504 |
|
|
|a Obsahuje bibliografii, bibliografické odkazy a rejstřík
|
| 648 |
|
7 |
|a 13.-21. století
|7 ch757063
|2 czenas
|
| 650 |
0 |
7 |
|a hudba
|7 ph114719
|z Česko
|y 13.-21. století
|2 czenas
|
| 650 |
0 |
7 |
|a hudebníci
|7 ph117204
|z Česko
|y 13.-21. století
|2 czenas
|
| 650 |
0 |
7 |
|a hudební život
|7 ph135177
|z Česko
|y 13.-21. století
|2 czenas
|
| 650 |
0 |
9 |
|a music
|z Czechia
|y 13th-21st centuries
|2 eczenas
|
| 650 |
0 |
9 |
|a musicians
|z Czechia
|y 13th-21st centuries
|2 eczenas
|
| 650 |
0 |
9 |
|a musical life
|z Czechia
|y 13th-21st centuries
|2 eczenas
|
| 651 |
|
7 |
|a Šluknov (Česko : oblast)
|7 ge131540
|2 czenas
|
| 651 |
|
9 |
|a Šluknov Region (Czechia)
|2 eczenas
|
| 655 |
|
7 |
|a monografie
|7 fd132842
|2 czenas
|
| 655 |
|
9 |
|a monographs
|2 eczenas
|
| 856 |
4 |
1 |
|u http://www.digitalniknihovna.cz/mzk/uuid/uuid:5eaff960-04db-11e8-b1a1-005056827e52
|y Digitalizovaný dokument
|x NDK
|
| 910 |
2 |
|
|a BOA001
|b 3-1282.377
|
| 990 |
|
|
|a BK
|
| 995 |
|
|
|a 01
|
| 991 |
|
|
|b 201203
|c NOV
|e n
|
| 996 |
6 |
|
|b 2610504326
|c 3-1282.377
|l MZK
|r Sklad / do 1 hodiny
|n 1
|p p.v.
|w 001214228
|u 000020
|a 1
|e BOA001
|j MZK50
|s P
|